| 000 | 00471nam a22001577a 4500 | ||
|---|---|---|---|
| 005 | 20250122150143.0 | ||
| 008 | 250122b |||||||| |||| 00| 0 eng d | ||
| 020 | _a9789964392277 | ||
| 050 |
_aHF5681.T3 _b.G3 BRU |
||
| 100 | _aBruce-Twum Ernest | ||
| 245 |
_aBeyond the Rudiments of Taxation in Ghana _cErnest Bruce-Twum |
||
| 260 |
_aAccra _bGhana Universities Press _c2015 |
||
| 300 |
_axiii. 250p. _bill. col. _c26 cm x 19 cm |
||
| 650 | _2Taxation | ||
| 942 |
_2lcc _cBK _n0 |
||
| 999 |
_c2817 _d2817 |
||